[Event "Bad Griesbach Seniors op 13th"]
[Site "Bad Griesbach"]
[Date "2010.12.05"]
[Round "1"]
[White "Ruf, Karl"]
[Black "Stoehr, Helmut"]
[Result "0-1"]
[WhiteElo "1508"]
[BlackElo "1954"]
[PlyCount "60"]
[EventDate "2010.12.05"]
[EventType "swiss"]
[EventRounds "7"]
[EventCountry "GER"]
[SourceTitle "EXT 2015"]
[Source "ChessBase"]
[SourceDate "2014.11.20"]
[SourceVersion "1"]
[SourceVersionDate "2014.11.20"]
[SourceQuality "1"]

1. e4 d6 2. d3 e5 3. Nf3 Nf6 4. h3 c6 5. Nh2 Be7 6. Bg5 Qb6 7. Qc1 Nxe4 8. Be3 Nc5 9. c3 Qd8 10. d4 Ne6 11. dxe5 dxe5 12. Bc4 b5 13. Bb3 Nc5 14. 0-0 Nxb3 15. axb3 Be6 16. Rd1 Qc7 17. Nd2 0-0 18. c4 bxc4 19. bxc4 f5 20. f3 c5 21. Qc3 Nc6 22. Nb3 Nd4 23. Rd2 Rfb8 24. Nc1 Rb4 25. b3 Rab8 26. Ra3 R8b7 27. g4 Qb8 28. Rb2 Rxc4 29. bxc4 Rxb2 30. f4 Qb7 0-1

[Event "Bayern-ch Seniors 21st"]
[Site "Bergen"]
[Date "2009.06.25"]
[Round "6"]
[White "Hartlaub, Marianne"]
[Black "Ruf, Karl"]
[Result "0-1"]
[WhiteElo "1485"]
[BlackElo "1633"]
[PlyCount "74"]
[EventDate "2009.06.20"]
[EventType "swiss"]
[EventRounds "9"]
[EventCountry "GER"]
[SourceTitle "EXT 2015"]
[Source "ChessBase"]
[SourceDate "2014.11.20"]
[SourceVersion "1"]
[SourceVersionDate "2014.11.20"]
[SourceQuality "1"]

1. Nf3 c5 2. c4 g6 3. g4 Bg7 4. e3 e6 5. Bg2 Ne7 6. 0-0 0-0 7. Qe2 Nbc6 8. Rd1 d5 9. d3 Rb8 10. Nbd2 a6 11. Nb3 b6 12. Rb1 Qc7 13. a3 Bb7 14. Nbd2 Rbd8 15. b4 cxb4 16. axb4 Ne5 17. Bb2 dxc4 18. Nxe5 Bxg2 19. Kxg2 c3 20. Rdc1 Qb7+ 21. Ndf3 cxb2 22. Rxb2 Bxe5 23. Rbc2 Bb8 24. Kg1 Rd5 25. d4 f6 26. Nd2 e5 27. Nb3 e4 28. Nd2 Rd7 29. Qc4+ Kg7 30. Qe6 f5 31. Qb3 Rc8 32. Nc4 Nd5 33. Ne5 Rxc2 34. Rxc2 Rc7 35. Nc4 Rc6 36. Kg2 Qe7 37. b5 Rc7 0-1

[Event "Bayern-ch Seniors 21st"]
[Site "Bergen"]
[Date "2009.06.24"]
[Round "5"]
[White "Ruf, Karl"]
[Black "Schnakenberg, Volker"]
[Result "1-0"]
[WhiteElo "1633"]
[BlackElo "1487"]
[PlyCount "65"]
[EventDate "2009.06.20"]
[EventType "swiss"]
[EventRounds "9"]
[EventCountry "GER"]
[SourceTitle "EXT 2015"]
[Source "ChessBase"]
[SourceDate "2014.11.20"]
[SourceVersion "1"]
[SourceVersionDate "2014.11.20"]
[SourceQuality "1"]

1. e4 e5 2. Nf3 Nf6 3. Bc4 Nxe4 4. Nxe5 d5 5. Bb3 c6 6. 0-0 Nc5 7. Re1 Be7 8. c3 Nxb3 9. Qxb3 Qc7 10. d4 Bd6 11. f4 0-0 12. Qd1 Nd7 13. Nd2 Re8 14. Ndf3 f6 15. Nd3 c5 16. dxc5 Nxc5 17. g3 Bg4 18. Rxe8+ Rxe8 19. Nb4 Kh8 20. Nxd5 Qc6 21. c4 Ne4 22. b3 Bc5+ 23. Kg2 Nf2 24. Qc2 Bh3+ 25. Kg1 Ng4+ 26. Kh1 Ne3 27. Bxe3 Rxe3 28. Nh4 Re8 29. Rd1 Bg4 30. Rf1 Re2 31. Qb1 g5 32. fxg5 fxg5 33. Rf7 1-0

[Event "Bayern-ch Seniors 21st"]
[Site "Bergen"]
[Date "2009.06.23"]
[Round "4"]
[White "Guthke, Horst"]
[Black "Ruf, Karl"]
[Result "1-0"]
[WhiteElo "1411"]
[BlackElo "1633"]
[PlyCount "113"]
[EventDate "2009.06.20"]
[EventType "swiss"]
[EventRounds "9"]
[EventCountry "GER"]
[SourceTitle "EXT 2015"]
[Source "ChessBase"]
[SourceDate "2014.11.20"]
[SourceVersion "1"]
[SourceVersionDate "2014.11.20"]
[SourceQuality "1"]

1. d4 d6 2. c4 Nd7 3. Nc3 e5 4. e3 f5 5. Bd3 e4 6. Bc2 Qg5 7. g3 Nb6 8. Nd5 Nxd5 9. cxd5 Nf6 10. Ba4+ Nd7 11. Nh3 Qg4 12. Qxg4 fxg4 13. Nf4 Ke7 14. Ne6 Nb6 15. Bb3 Bxe6 16. dxe6 d5 17. Bd1 h5 18. h3 gxh3 19. Rxh3 g6 20. g4 h4 21. Bd2 Kxe6 22. f4 exf3 23. Bxf3 Bd6 24. b3 Bg3+ 25. Ke2 g5 26. Be1 Bd6 27. Kd3 Rhf8 28. Bd2 Rf7 29. e4 dxe4+ 30. Bxe4 c6 31. Bxg5 Bg3 32. Bf5+ Kd6 33. Bxh4 Bf4 34. Bf2 Nd5 35. a3 Kc7 36. Rh7 Raf8 37. Rah1 Nf6 38. Rxf7+ Rxf7 39. Rg1 Nd5 40. Rh1 Nf6 41. Rh8 Bd6 42. Rc8+ Kb6 43. Be3 Nd5 44. b4 a5 45. bxa5+ Kxa5 46. Bd2+ Kb6 47. Ra8 Kc7 48. Ba5+ b6 49. Ra7+ Kb8 50. Rxf7 bxa5 51. a4 Nb6 52. Bd7 Nd5 53. Bf5 Be7 54. Be6 Nb4+ 55. Ke4 Bh4 56. d5 cxd5+ 57. Bxd5 1-0

[Event "Bad Griesbach Seniors op 11th"]
[Site "Bad Griesbach"]
[Date "2008.12.09"]
[Round "3"]
[White "Ruf, Karl"]
[Black "Slacik, Johann"]
[Result "1-0"]
[WhiteElo "1610"]
[BlackElo "1574"]
[PlyCount "165"]
[EventDate "2008.12.07"]
[EventType "swiss"]
[EventRounds "7"]
[EventCountry "GER"]
[SourceTitle "EXT 2015"]
[Source "ChessBase"]
[SourceDate "2014.11.20"]
[SourceVersion "1"]
[SourceVersionDate "2014.11.20"]
[SourceQuality "1"]

1. e4 c5 2. Nf3 Nc6 3. Bc4 e6 4. 0-0 g6 5. d4 cxd4 6. Nxd4 Bg7 7. c3 Nf6 8. Re1 d5 9. exd5 Nxd5 10. Nxc6 bxc6 11. Nd2 0-0 12. Nb3 Qc7 13. Nd4 Nb6 14. Bb3 Rd8 15. Qf3 Bxd4 16. cxd4 Rxd4 17. Be3 Rh4 18. h3 Bb7 19. Bg5 Rh5 20. Bf4 Qe7 21. g4 Rh4 22. Qe3 f6 23. Bxe6+ Kg7 24. g5 Nd5 25. gxf6+ Nxf6 26. Bg5 Rh5 27. Qg3 Re8 28. h4 Qb4 29. Bxf6+ Kxf6 30. Qg4 Qxg4+ 31. Bxg4 Rxe1+ 32. Rxe1 Re5 33. Rd1 c5 34. Rd6+ Kf7 35. Rd7+ Re7 36. f4 Kf6 37. Rd6+ Kf7 38. Kf2 Re4 39. Bf3 Rxf4 40. Rd7+ Kf6 41. Rxb7 Rxh4 42. Kg3 Ra4 43. Bd5 h5 44. Rf7+ Ke5 45. Bb3 Ra5 46. Re7+ Kf6 47. Re6+ Kf5 48. Rd6 Rb5 49. Ra6 Ke5 50. Rxg6 Kf5 51. Ra6 h4+ 52. Kxh4 c4 53. Bc2+ Kf4 54. b3 cxb3 55. Bxb3 Rb7 56. Rf6+ Ke5 57. Rg6 Kf4 58. Rg4+ Ke3 59. Kg3 Kd2 60. Kf3 Kc3 61. Rc4+ Kd3 62. Rf4 a5 63. Rf5 Ra7 64. Ba4 Kc3 65. Bb5 a4 66. Rf4 a3 67. Bc4 Rc7 68. Bb3 Kb2 69. Ke4 Rd7 70. Rf2+ Kb1 71. Bd5 Rc7 72. Kd4 Rc8 73. Bb3 Rc7 74. Kd3 Rc8 75. Kd2 Kb2 76. Kd1+ Kb1 77. Rf5 Rc3 78. Kd2 Kb2 79. Rb5 Rc7 80. Be6+ Ka1 81. Rb3 Rc2+ 82. Kxc2 Kxa2 83. Rb1# 1-0

[Event "Bad Griesbach Seniors op 11th"]
[Site "Bad Griesbach"]
[Date "2008.12.07"]
[Round "1"]
[White "Klein, Reinhard"]
[Black "Ruf, Karl"]
[Result "1-0"]
[WhiteElo "1739"]
[BlackElo "1610"]
[PlyCount "59"]
[EventDate "2008.12.07"]
[EventType "swiss"]
[EventRounds "7"]
[EventCountry "GER"]
[SourceTitle "EXT 2015"]
[Source "ChessBase"]
[SourceDate "2014.11.20"]
[SourceVersion "1"]
[SourceVersionDate "2014.11.20"]
[SourceQuality "1"]

1. d4 d6 2. Bf4 Nf6 3. e3 Nbd7 4. Nf3 Nh5 5. Bg3 a6 6. Bc4 Nxg3 7. hxg3 e6 8. Nc3 b5 9. Bd3 h6 10. Qe2 c5 11. Be4 d5 12. Nxd5 exd5 13. Bxd5 Rb8 14. 0-0-0 Qc7 15. Ng5 Nf6 16. Bxf7+ Ke7 17. d5 Qd6 18. e4 Ng4 19. Be6 Ne5 20. f4 Ng6 21. e5 Qb6 22. d6+ Kd8 23. f5 hxg5 24. Rxh8 Nxh8 25. Qh5 Bxe6 26. fxe6 Kc8 27. e7 Kb7 28. Qf3+ Qc6 29. exf8Q Rxf8 30. Qxf8 1-0

[Event "Bad Griesbach Seniors op 10th"]
[Site "Bad Griesbach"]
[Date "2007.12.08"]
[Round "7"]
[White "Reisinger, Georg"]
[Black "Ruf, Karl"]
[Result "1-0"]
[WhiteElo "1699"]
[BlackElo "1516"]
[PlyCount "31"]
[EventDate "2007.12.02"]
[EventType "swiss"]
[EventRounds "7"]
[EventCountry "GER"]
[SourceTitle "EXT 2015"]
[Source "ChessBase"]
[SourceDate "2014.11.20"]
[SourceVersion "1"]
[SourceVersionDate "2014.11.20"]
[SourceQuality "1"]

1. e4 c5 2. Nf3 Nc6 3. d4 cxd4 4. Nxd4 e6 5. c4 Nf6 6. Nxc6 bxc6 7. Bd3 Bb4+ 8. Nd2 h6 9. 0-0 0-0 10. e5 Nh7 11. a3 Be7 12. Qc2 f5 13. exf6 Nxf6 14. Nf3 Qa5 15. Bd2 Qh5 16. Bg6 1-0

[Event "Bad Griesbach Seniors op 10th"]
[Site "Bad Griesbach"]
[Date "2007.12.07"]
[Round "6"]
[White "Ruf, Karl"]
[Black "Schaefer, Michael3333"]
[Result "1-0"]
[WhiteElo "1516"]
[BlackElo "1215"]
[PlyCount "95"]
[EventDate "2007.12.02"]
[EventType "swiss"]
[EventRounds "7"]
[EventCountry "GER"]
[SourceTitle "EXT 2015"]
[Source "ChessBase"]
[SourceDate "2014.11.20"]
[SourceVersion "1"]
[SourceVersionDate "2014.11.20"]
[SourceQuality "1"]

1. e4 c6 2. d4 d5 3. e5 Bf5 4. Bf4 Qb6 5. b3 e6 6. c3 Nd7 7. b4 a5 8. Qa4 Qa7 9. b5 Ne7 10. Nd2 Rc8 11. Rc1 cxb5 12. Bxb5 Nc6 13. Ne2 Be7 14. 0-0 0-0 15. h3 Nb6 16. Qd1 Rc7 17. a4 Rfc8 18. g4 Bg6 19. Be3 h6 20. f4 f5 21. exf6 Bxf6 22. Nf3 Nc4 23. Bf2 Nd6 24. Ne5 Bh7 25. Qe1 Nxb5 26. axb5 Nd8 27. Ra1 b6 28. Qd2 Bxe5 29. dxe5 Nb7 30. Bd4 Nc5 31. Ra3 Bd3 32. Qb2 Bc4 33. Rf3 Rf7 34. Bf2 Qd7 35. Nd4 Nd3 36. Qd2 Nxf2 37. Qxf2 Bxb5 38. Rb3 Bc4 39. Rxb6 a4 40. Qb2 Ra8 41. Qa3 Qe7 42. Rd6 Qb7 43. Kg2 Qb1 44. Rxe6 Qe4 45. f5 Rff8 46. f6 gxf6 47. exf6 Rf7 48. Rxe4 1-0

[Event "Bad Griesbach Seniors op 09th"]
[Site "Bad Griesbach"]
[Date "2006.12.07"]
[Round "5"]
[White "Berchtold, Johann"]
[Black "Ruf, Karl"]
[Result "1-0"]
[WhiteElo "1781"]
[BlackElo "1566"]
[PlyCount "92"]
[EventDate "2006.12.03"]
[EventType "swiss"]
[EventRounds "7"]
[EventCountry "GER"]
[SourceTitle "EXT 2015"]
[Source "ChessBase"]
[SourceDate "2014.11.20"]
[SourceVersion "1"]
[SourceVersionDate "2014.11.20"]
[SourceQuality "1"]

1. c4 c5 2. Nc3 Nc6 3. g3 g6 4. Bg2 Bg7 5. e3 e6 6. Nge2 Nge7 7. d4 cxd4 8. exd4 d5 9. cxd5 exd5 10. Be3 0-0 11. Nf4 Qb6 12. 0-0 Qxb2 13. Ncxd5 Nf5 14. Nd3 Qa3 15. Nc7 Rb8 16. Bf4 Qa5 17. Rb1 g5 18. Bxg5 Nfxd4 19. Bf4 Qxa2 20. Nb5 Ne2+ 21. Kh1 Nxf4 22. Nxf4 Bf5 23. Rb3 Bc2 24. Ra3 Qxa3 25. Qxc2 Qb2 26. Qf5 Qe5 27. Qb1 a6 28. Na3 Rfc8 29. Nc4 Qd4 30. Ne3 Qb2 31. Qf5 Nd4 32. Qg4 Rc6 33. Bxc6 Nxc6 34. Nf5 Kh8 35. Nh5 Rg8 36. Nhxg7 Ne5 37. Qe4 b5 38. Re1 f6 39. Re2 Qc1+ 40. Kg2 Rxg7 41. Nxg7 Kxg7 42. f4 Nf7 43. Qd5 Qc7 44. Ra2 Qb6 45. Rc2 b4 46. Rc6 Qb7 1-0

[Event "Bad Griesbach Seniors op 08th"]
[Site "Bad Griesbach"]
[Date "2005.12.10"]
[Round "7"]
[White "Peleikis, Horst"]
[Black "Ruf, Karl"]
[Result "1-0"]
[WhiteElo "1925"]
[BlackElo "1639"]
[PlyCount "112"]
[EventDate "2005.12.04"]
[EventType "swiss"]
[EventRounds "9"]
[EventCountry "GER"]
[SourceTitle "EXT 2015"]
[Source "ChessBase"]
[SourceDate "2014.11.20"]
[SourceVersion "1"]
[SourceVersionDate "2014.11.20"]
[SourceQuality "1"]

1. e4 c5 2. Nf3 Nc6 3. d4 cxd4 4. Nxd4 e6 5. Nc3 a6 6. Bc4 Bc5 7. Nxc6 bxc6 8. 0-0 Ne7 9. Qh5 Bd4 10. Rd1 Bxc3 11. bxc3 Ng6 12. Ba3 Qf6 13. Qe2 Qxc3 14. Bd6 Qf6 15. Qe3 Ne5 16. Be2 h5 17. Qc5 Ng6 18. Rab1 e5 19. Bc4 h4 20. Rb3 Rh5 21. Be2 Rg5 22. Bf1 Nf4 23. Kh1 Ne6 24. Qe3 Nd4 25. Bxe5 Rxe5 26. Qxd4 c5 27. Qc4 Qe6 28. f3 Qxc4 29. Bxc4 Ke7 30. Bd5 Ra7 31. f4 Rh5 32. Rb8 Rc7 33. c4 d6 34. Rb6 Rh6 35. Rdb1 h3 36. g3 f6 37. Kg1 Ra7 38. Kf2 g6 39. Re1 g5 40. fxg5 fxg5 41. e5 Kd7 42. Rd1 Kc7 43. Rc6+ Kd8 44. Be4 Bb7 45. Rcxd6+ Rxd6 46. Rxd6+ Ke7 47. Rg6 Kf7 48. e6+ Kf8 49. Rf6+ Ke8 50. Rf7 Bxe4 51. Rxa7 Bd3 52. Rf7 Bxc4 53. Ra7 Bxe6 54. Ke3 Bd7 55. Rc7 g4 56. Kf4 Ke7 1-0

[Event "Bad Griesbach Seniors op 08th"]
[Site "Bad Griesbach"]
[Date "2005.12.06"]
[Round "3"]
[White "Reichwald, Klaus Dieter"]
[Black "Ruf, Karl"]
[Result "1-0"]
[WhiteElo "1713"]
[BlackElo "1639"]
[PlyCount "63"]
[EventDate "2005.12.04"]
[EventType "swiss"]
[EventRounds "9"]
[EventCountry "GER"]
[SourceTitle "EXT 2015"]
[Source "ChessBase"]
[SourceDate "2014.11.20"]
[SourceVersion "1"]
[SourceVersionDate "2014.11.20"]
[SourceQuality "1"]

1. e4 c5 2. Nc3 Nc6 3. g3 Nf6 4. Bg2 e6 5. Nge2 Be7 6. d3 a6 7. a4 Rb8 8. 0-0 0-0 9. f4 d6 10. h3 h6 11. g4 Nh7 12. f5 Bg5 13. Nf4 e5 14. Nfd5 Nd4 15. Ne2 Nxe2+ 16. Qxe2 Bd7 17. c4 Bxc1 18. Raxc1 b5 19. axb5 axb5 20. b3 Nf6 21. Ne3 Ra8 22. Ra1 Qb6 23. h4 Nh7 24. Nd5 Qb7 25. Rxa8 Rxa8 26. f6 Nxf6 27. Nxf6+ gxf6 28. Rxf6 Ra1+ 29. Kh2 Be6 30. Qe3 Kf8 31. Qxh6+ Ke7 32. Rxe6+ 1-0

[Event "Bad Griesbach Seniors op 08th"]
[Site "Bad Griesbach"]
[Date "2005.12.05"]
[Round "2"]
[White "Ruf, Karl"]
[Black "Sierian, Peter"]
[Result "1-0"]
[WhiteElo "1639"]
[BlackElo "1688"]
[PlyCount "57"]
[EventDate "2005.12.04"]
[EventType "swiss"]
[EventRounds "9"]
[EventCountry "GER"]
[SourceTitle "EXT 2015"]
[Source "ChessBase"]
[SourceDate "2014.11.20"]
[SourceVersion "1"]
[SourceVersionDate "2014.11.20"]
[SourceQuality "1"]

1. e4 c5 2. Nf3 a6 3. d4 cxd4 4. Nxd4 Nf6 5. Bd3 Nc6 6. Be3 e5 7. Nxc6 dxc6 8. h3 Bb4+ 9. c3 Bd6 10. 0-0 Be6 11. Qe2 0-0 12. Nd2 Nd7 13. Nc4 Bxc4 14. Bxc4 Bc5 15. Rad1 Bxe3 16. Qxe3 Qe7 17. Rd2 Rfd8 18. Rfd1 Nf6 19. Qg5 Rxd2 20. Rxd2 h6 21. Qf5 g6 22. Qxg6+ Kh8 23. Qxh6+ Nh7 24. Qh5 Qg5 25. Qxg5 Nxg5 26. f3 Rg8 27. Kf2 Ne6 28. Bxe6 fxe6 29. Rd7 1-0

[Event "EU-chT Seniors 07th"]
[Site "Dresden"]
[Date "2005.02.20"]
[Round "3"]
[White "Kverndal, Leif"]
[Black "Ruf, Karl"]
[Result "1-0"]
[WhiteElo "1948"]
[BlackElo "1604"]
[PlyCount "107"]
[EventDate "2005.02.18"]
[EventType "team-swiss"]
[EventRounds "8"]
[EventCountry "GER"]
[SourceTitle "EXT 2006"]
[Source "ChessBase"]
[SourceDate "2005.11.24"]
[SourceVersion "1"]
[SourceVersionDate "2005.11.24"]
[SourceQuality "1"]

1. d4 Nf6 2. c4 g6 3. Nf3 Bg7 4. g3 d5 5. Bg2 0-0 6. 0-0 dxc4 7. Ne5 c6 8. Nxc4 Nbd7 9. Nc3 Nb6 10. Ne5 Nfd5 11. Nxd5 Nxd5 12. e4 Nb6 13. f4 Be6 14. b3 Qc7 15. Bb2 Nd7 16. Rc1 Nxe5 17. fxe5 Qb6 18. Kh1 Rad8 19. Qc2 Rc8 20. Qf2 Qa6 21. Ba1 Bh6 22. Rc2 Rcd8 23. Qe2 Qb6 24. Rd1 a6 25. d5 cxd5 26. exd5 Bf5 27. Bd4 Qa5 28. Rc5 Qa3 29. Rc7 Rc8 30. Bc5 Qa5 31. Rxc8 Rxc8 32. b4 Qa3 33. g4 Bd7 34. e6 fxe6 35. Bxe7 Rc1 36. dxe6 Ba4 37. Rxc1 Qxc1+ 38. Qf1 Qxf1+ 39. Bxf1 Bc6+ 40. Bg2 Bxg2+ 41. Kxg2 Bf8 42. Bc5 Bxc5 43. bxc5 Kf8 44. Kf3 Ke7 45. Ke4 Kxe6 46. g5 a5 47. a4 Ke7 48. Ke5 Kd7 49. Kd5 Kc7 50. Kc4 Kc6 51. h3 b6 52. cxb6 Kxb6 53. Kd5 Ka7 54. Kc5 1-0

[Event "Bad Griesbach Seniors op 7th"]
[Site "Bad Griesbach"]
[Date "2004.12.11"]
[Round "7"]
[White "Mauruschat, Hans Heinrich"]
[Black "Ruf, Karl"]
[Result "1-0"]
[WhiteElo "1813"]
[BlackElo "1644"]
[PlyCount "105"]
[EventDate "2004.12.05"]
[EventType "swiss"]
[EventRounds "7"]
[EventCountry "GER"]
[SourceTitle "EXT 2006"]
[Source "ChessBase"]
[SourceDate "2005.11.24"]
[SourceVersion "1"]
[SourceVersionDate "2005.11.24"]
[SourceQuality "1"]

1. Nf3 d6 2. d4 c6 3. c4 a6 4. b3 g6 5. Bb2 Bg7 6. e3 e6 7. Qd2 b5 8. Be2 Ne7 9. 0-0 0-0 10. Rd1 Nd7 11. Qc2 Bb7 12. Nbd2 Rc8 13. Ne4 Nf6 14. Nxf6+ Bxf6 15. c5 Nd5 16. a3 Bg7 17. e4 Nf4 18. Bf1 d5 19. e5 f5 20. g3 Nh5 21. Bc1 h6 22. h4 Rf7 23. Be2 Bf8 24. Ne1 Rh7 25. Bxh5 gxh5 26. Ng2 Qe8 27. Nf4 Rg7 28. Kh2 Kh7 29. Bd2 Rcc7 30. Rg1 Rg4 31. f3 Rg8 32. g4 hxg4 33. fxg4 Rf7 34. g5 Qe7 35. Nh5 Rg6 36. Nf6+ Kh8 37. h5 Rxg5 38. Rxg5 hxg5 39. Bxg5 Rg7 40. Qd2 Qf7 41. Rg1 Be7 42. Qe2 Bc8 43. Kh3 Bd7 44. Kh4 Be8 45. Rg2 Qf8 46. Kh3 Qf7 47. Kh2 Bd8 48. Kh1 a5 49. Qe3 Be7 50. Qf4 b4 51. axb4 axb4 52. Bh4 Bxf6 53. Bxf6 1-0

[Event "Wuerttemberg-ch Seniors 16th"]
[Site "Freudenstadt"]
[Date "2004.05.02"]
[Round "1"]
[White "Ruf, Karl"]
[Black "Ellinger, Hans"]
[Result "0-1"]
[WhiteElo "1669"]
[BlackElo "2212"]
[PlyCount "74"]
[EventDate "2004.05.02"]
[EventType "swiss"]
[EventRounds "9"]
[EventCountry "GER"]
[SourceTitle "EXT 2006"]
[Source "ChessBase"]
[SourceDate "2005.11.24"]
[SourceVersion "1"]
[SourceVersionDate "2005.11.24"]
[SourceQuality "1"]

1. e4 e6 2. c3 d5 3. exd5 exd5 4. d4 Nf6 5. h3 Bd6 6. Nf3 0-0 7. Be2 Re8 8. 0-0 Nbd7 9. Re1 Nf8 10. Nbd2 Ng6 11. Nf1 Bd7 12. Be3 c6 13. Qc2 Ne4 14. Bd3 f5 15. Bxe4 dxe4 16. Bg5 Qc7 17. N3h2 h6 18. Bd2 Nh4 19. f3 Bxh2+ 20. Nxh2 exf3 21. Rxe8+ Rxe8 22. Be1 Re2 23. Qxe2 fxe2 24. Bxh4 c5 25. Bf2 Qb6 26. b3 Qa5 27. Be1 cxd4 28. cxd4 Qa6 29. Nf3 Bc6 30. Ne5 Be4 31. a4 Qb6 32. Bf2 Qxb3 33. Re1 Qxa4 34. Rxe2 b5 35. Nd7 Qc4 36. Re1 b4 37. Nc5 b3 0-1

[Event "Mecklenburg VP-ch Seniors 01st"]
[Site "Plau am See"]
[Date "2001.10.13"]
[Round "9"]
[White "Sielaff, Rudolf"]
[Black "Ruf, Karl"]
[Result "1/2-1/2"]
[WhiteElo "1986"]
[BlackElo "1828"]
[PlyCount "40"]
[EventDate "2001.10.??"]
[EventType "swiss"]
[EventRounds "9"]
[EventCountry "GER"]
[SourceTitle "EXT 2006"]
[Source "ChessBase"]
[SourceDate "2005.11.24"]
[SourceVersion "1"]
[SourceVersionDate "2005.11.24"]
[SourceQuality "1"]

1. d4 Nf6 2. Nf3 g6 3. Bf4 Bg7 4. e3 d5 5. Bd3 0-0 6. Nbd2 Bg4 7. h3 Bxf3 8. Nxf3 Nbd7 9. c3 c5 10. 0-0 cxd4 11. exd4 Nb6 12. Qe2 Rc8 13. Rfe1 e6 14. Bg5 Nc4 15. Ne5 Qc7 16. Bf4 Nd6 17. Bh2 Qd8 18. g4 Nfe4 19. f3 Ng5 20. Kg2 f6 1/2-1/2

[Event "Mecklenburg VP-ch Seniors 01st"]
[Site "Plau am See"]
[Date "2001.10.12"]
[Round "8"]
[White "Ruf, Karl"]
[Black "Voelpel, Gerhard"]
[Result "1/2-1/2"]
[WhiteElo "1828"]
[BlackElo "2070"]
[PlyCount "38"]
[EventDate "2001.10.??"]
[EventType "swiss"]
[EventRounds "9"]
[EventCountry "GER"]
[SourceTitle "EXT 2006"]
[Source "ChessBase"]
[SourceDate "2005.11.24"]
[SourceVersion "1"]
[SourceVersionDate "2005.11.24"]
[SourceQuality "1"]

1. e4 c5 2. c3 d5 3. exd5 Qxd5 4. d4 Nc6 5. Nf3 Bf5 6. Be2 cxd4 7. Be3 d3 8. Nh4 Be4 9. Bf3 Bxf3 10. Nxf3 e5 11. 0-0 Bd6 12. Nbd2 e4 13. Nd4 Nf6 14. Nxc6 Qxc6 15. Bd4 Bf4 16. Re1 Bxd2 17. Qxd2 0-0-0 18. Qf4 Rhe8 19. Bxa7 Qd6 1/2-1/2

[Event "Mecklenburg VP-ch Seniors 01st"]
[Site "Plau am See"]
[Date "2001.10.11"]
[Round "7"]
[White "Dorawa, Bernhard"]
[Black "Ruf, Karl"]
[Result "1-0"]
[WhiteElo "2177"]
[BlackElo "1828"]
[PlyCount "67"]
[EventDate "2001.10.??"]
[EventType "swiss"]
[EventRounds "9"]
[EventCountry "GER"]
[SourceTitle "EXT 2006"]
[Source "ChessBase"]
[SourceDate "2005.11.24"]
[SourceVersion "1"]
[SourceVersionDate "2005.11.24"]
[SourceQuality "1"]

1. e4 c6 2. Nc3 d5 3. Nf3 dxe4 4. Nxe4 Nd7 5. Bc4 e6 6. d4 Ngf6 7. Nxf6+ Nxf6 8. 0-0 Be7 9. Qe2 0-0 10. Rd1 Nd5 11. Bb3 Qc7 12. c4 Nf4 13. Qe4 Ng6 14. Ne5 Bf6 15. f4 c5 16. Nxg6 hxg6 17. Be3 cxd4 18. Bxd4 Bd7 19. Bxf6 gxf6 20. Qd4 Rfd8 21. Qxf6 Be8 22. Rac1 Qc5+ 23. Kf1 Rxd1+ 24. Rxd1 b5 25. Rd3 Qf5 26. Qxf5 exf5 27. Kf2 Rc8 28. cxb5 Bxb5 29. Rc3 Bd7 30. Rxc8+ Bxc8 31. Ke3 Kf8 32. Kd4 Ke7 33. Kc5 Bb7 34. Bd5 1-0

[Event "Bayern-ch Seniors 11th"]
[Site "Schloss Schney"]
[Date "1999.??.??"]
[Round "1"]
[White "Bernhart, Ernst"]
[Black "Ruf, Karl"]
[Result "1-0"]
[WhiteElo "1598"]
[BlackElo "1620"]
[PlyCount "67"]
[EventDate "1999.11.??"]
[EventType "swiss"]
[EventRounds "9"]
[EventCountry "GER"]
[SourceTitle "EXT 2002"]
[Source "ChessBase"]
[SourceDate "2001.11.25"]
[SourceVersion "1"]
[SourceVersionDate "2001.11.25"]
[SourceQuality "1"]

1. c4 d6 2. Nc3 c6 3. g3 g6 4. Bg2 Bg7 5. d4 Nf6 6. e4 0-0 7. Nge2 Nbd7 8. 0-0 e5 9. b3 a6 10. Bb2 b5 11. Qc2 Bb7 12. Nd1 Rc8 13. Ne3 Re8 14. Rad1 Qe7 15. Ba3 exd4 16. Rxd4 c5 17. Rd2 b4 18. Bb2 Bxe4 19. Bxe4 Nxe4 20. Rd3 Ne5 21. Nd5 Qb7 22. Re3 f5 23. f3 Nf6 24. Nef4 Nxd5 25. Nxd5 Nc6 26. Rfe1 Rxe3 27. Rxe3 Rd8 28. Kg2 Ne5 29. Qe2 Nc6 30. Re8+ Bf8 31. Nf6+ Kg7 32. Nd7+ Kh6 33. Qe3+ Kh5 34. Nf6# 1-0

[Event "Bayern-ch Seniors 11th"]
[Site "Schloss Schney"]
[Date "1999.??.??"]
[Round "4"]
[White "Ruf, Karl"]
[Black "Kies, Werner"]
[Result "0-1"]
[WhiteElo "1620"]
[BlackElo "1970"]
[PlyCount "76"]
[EventDate "1999.11.??"]
[EventType "swiss"]
[EventRounds "9"]
[EventCountry "GER"]
[SourceTitle "EXT 2002"]
[Source "ChessBase"]
[SourceDate "2001.11.25"]
[SourceVersion "1"]
[SourceVersionDate "2001.11.25"]
[SourceQuality "1"]

1. e4 c5 2. Nf3 d6 3. Nc3 Nc6 4. d3 g6 5. Be2 Bg7 6. Bd2 Nf6 7. Rb1 0-0 8. 0-0 a6 9. a3 b5 10. h3 Rb8 11. b4 Bb7 12. bxc5 dxc5 13. Nh2 Nd4 14. f4 e6 15. Bf3 Rc8 16. e5 Nd5 17. Nxd5 Nxf3+ 18. Nxf3 Qxd5 19. Qe2 c4 20. d4 c3 21. Be3 Rc4 22. Ne1 Rfc8 23. Qf3 Qd7 24. Qf2 Bf8 25. Ra1 Ra4 26. g4 Rxa3 27. Rxa3 Bxa3 28. h4 Be7 29. h5 Qd5 30. Qf3 b4 31. Qxd5 Bxd5 32. Nd3 Be4 33. Rd1 Bxd3 34. Rxd3 a5 35. d5 exd5 36. Rxd5 a4 37. Ra5 b3 38. Rxa4 b2 0-1

[Event "Bayern-ch Seniors 11th"]
[Site "Schloss Schney"]
[Date "1999.??.??"]
[Round "7"]
[White "Schoeler, Klaus"]
[Black "Ruf, Karl"]
[Result "0-1"]
[WhiteElo "1663"]
[BlackElo "1620"]
[PlyCount "111"]
[EventDate "1999.11.??"]
[EventType "swiss"]
[EventRounds "9"]
[EventCountry "GER"]
[SourceTitle "EXT 2002"]
[Source "ChessBase"]
[SourceDate "2001.11.25"]
[SourceVersion "1"]
[SourceVersionDate "2001.11.25"]
[SourceQuality "1"]

1. c4 d6 2. d4 g6 3. Nf3 Bg7 4. g3 c6 5. Nc3 a6 6. Bg2 Nf6 7. 0-0 0-0 8. e4 Nbd7 9. Re1 Rb8 10. d5 cxd5 11. exd5 Ng4 12. Qe2 Re8 13. h3 Nge5 14. Nd2 Nc5 15. Nb3 Ncd3 16. Rd1 Nxc1 17. Raxc1 Qc7 18. Ne4 h6 19. f4 Nd7 20. c5 dxc5 21. Nexc5 Nxc5 22. Nxc5 Qb6 23. b3 Bd7 24. Kh1 Bb5 25. Qd2 Rbd8 26. Qe1 a5 27. h4 Bb2 28. Rc2 Ba3 29. Na4 Bxa4 30. bxa4 Bb4 31. Qe2 Qd6 32. Qe5 b6 33. Bf1 Bc5 34. Bb5 Rf8 35. Re2 e6 36. Qxd6 Rxd6 37. Bc6 Rfd8 38. Red2 Kg7 39. Kg2 h5 40. Kf3 Kf6 41. Ke4 Ke7 42. Rc2 Rxc6 43. dxc6 Rxd1 44. c7 Kd7 45. Ke5 Rd5+ 46. Kf6 Rf5+ 47. Kg7 Kxc7 48. Re2 Kd7 49. Rd2+ Ke7 50. Kh6 Rd5 51. Re2 Kf6 52. Kh7 Rd3 53. Rc2 Ra3 54. Kg8 Rxa4 55. Rd2 Rd4 56. Rc2 0-1